| 000 | 02882cam a22003612 b4500 | ||
|---|---|---|---|
| 001 | 9238806 | ||
| 003 | OSt | ||
| 005 | 20210811154009.0 | ||
| 006 | m d | ||
| 007 | cr n | ||
| 008 | 000926e20010124nyua s|||||||| 2|eng|d | ||
| 020 | _a0071353941 | ||
| 020 |
_a0071353941 (Trade Cloth, Other, Other) _cUSD 150.00 Retail Price (The McGraw-Hill Companies) |
||
| 024 | 3 | _a9780071353946 | |
| 035 | _a(WaSeSS)ssj0000152800 | ||
| 037 |
_a0071353941 _b00721673 |
||
| 038 | _akhadija | ||
| 040 |
_aBIP US _dWaSeSS _cS |
||
| 050 | 4 | _aTS177.F326 2001 | |
| 082 | 0 | 0 |
_a658.2 _221 _bTEI |
| 100 | 1 |
_aTeicholz, Eric _eAuthor _935960 |
|
| 210 | 1 | 0 | _aFacility Design and Management Handbook |
| 245 | 1 | 0 | _aFacility Design and Management Handbook\ |
| 260 |
_aNew York : _bMcGraw-Hill Professional Publishing _cJan. 2001 _aBlacklick : _bMcGraw-Hill Companies, The [Distributor] |
||
| 506 | _aLicense restrictions may limit access. | ||
| 520 | 8 |
_aAnnotation _bA new paradigm in facility managementA unique, just-in-time resource from profession leader Eric Teicholz, Facility Design and Management Handbook empowers you to make your facility state of the art. Packed with tips from U.S. and international case studies from government, health care, retail, finance, manufacturing, and academia, this guide gives you access to theproductivity tools, technologies, and stratagems that have revolutionized the field in the last five years, helping you to:Find the best, most cost-effective solutions for issues from “greenness” and sustainability to disaster recovery and technology integrationUse new tools for space and asset allocation, project management, process coordination, and systems integrationImprove accuracy in financial forecasting, budgeting, architectural and interior design planning, and market researchCreate cost-effective “smart” buildings with state-of-the art security, energy management, lighting strategies, and maintenance efficiencyDiscover innovative solutions for human resources needsIntegrate the Internet into your management programAutomate nearly all your tasks for major productivity gainsApply benchmarking standards and other measurements that demonstrate and assure facility management productivityAccompanying time-saving, efficiency-boosting CD-ROM is loaded with sample documents—from budgets, schedules, plans to cost-benefit analyses, checklists, forms and audits; standards for communications and database, integration, building and construction, CAD conventions; Web links and other resources. |
|
| 521 |
_aScholarly & Professional _bMcGraw-Hill Professional Publishing |
||
| 563 | _aHardcover | ||
| 773 | 0 | _tAccessEngineering | |
| 856 | 4 | 0 |
_uhttp://www.columbia.edu/cgi-bin/cul/resolve?clio9238806 _zFull text available from AccessEngineering |
| 910 | _aBowker Global Books in Print record | ||
| 942 |
_2ddc _cBK |
||
| 999 |
_c31624 _d31624 |
||